[Event "AUTO-OPEN-4575"]
[Site "http://www.queenalice.com/game.php?id=1863525"]
[Date "2025.9.28"]
[Round "2"]
[White "bmax"]
[Black "gizmokaka"]
[Result "0-1"]
[WhiteElo "2247"]
[BlackElo "2800"]

1. d4 d5 2. Bf4 c5 3. e3 Nc6 4. c3 Nf6 5. Nf3 Qb6 6. Qc2 g6 7. Nbd2 Bg7 8. Be2
Nh5 9. Bg3 Nxg3 10. hxg3 h5 11. O-O O-O 12. dxc5 Qxc5 13. Rad1 Bf5 14. e4 dxe4
15. Nxe4 Qb6 16. Nh4 Bg4 17. Rde1 Rad8 18. Rd1 Rxd1 19. Rxd1 Rc8 20. Bxg4 hxg4
21. Kh2 Ne5 22. f4 gxf3 23. gxf3 Qa6 24. f4 Ng4+ 25. Kh3 Ne3 26. Qd3 Nxd1 27.
Qxa6 bxa6 0-1

[Event "Let's Play Chess!"]
[Site "http://www.queenalice.com/game.php?id=1863697"]
[Date "2025.10.3"]
[Round "-"]
[White "Charles56"]
[Black "gizmokaka"]
[Result "0-1"]
[WhiteElo "1766"]
[BlackElo "2795"]

1. e4 Nf6 2. e5 Nd5 3. d4 d6 4. c4 Nb6 5. c5 dxc5 6. dxc5 Qxd1+ 7. Kxd1 Nd5 8.
Bc4 e6 9. Bxd5 exd5 10. Be3 Nc6 11. h3 d4 12. Bf4 Be6 13. Nf3 Bxc5 14. Nbd2
O-O-O 15. Rc1 Be7 0-1

[Event "Let's Play Chess!"]
[Site "http://www.queenalice.com/game.php?id=1863698"]
[Date "2025.10.3"]
[Round "-"]
[White "gizmokaka"]
[Black "Charles56"]
[Result "1-0"]
[WhiteElo "2794"]
[BlackElo "1768"]

1. d4 d5 2. c4 dxc4 3. e4 c6 4. Bxc4 h6 5. Nc3 a6 6. Nge2 Bg4 7. Qb3 Bh5 8. Qxb7
Nd7 9. Nf4 Bg6 10. Nxg6 fxg6 11. Qxc6 Nf6 12. e5 Rc8 13. Qxa6 Nb8 14. Qe6 Rxc4
15. Qxc4 1-0

[Event "AUTO-OPEN-4617"]
[Site "http://www.queenalice.com/game.php?id=1863735"]
[Date "2025.10.2"]
[Round "1"]
[White "chessman"]
[Black "gizmokaka"]
[Result "0-1"]
[WhiteElo "2042"]
[BlackElo "2793"]

1. e4 e5 2. Nf3 Nc6 3. Bb5 a6 4. Bxc6 dxc6 5. O-O Bg4 6. Re1 Qf6 7. d3 c5 8.
Nbd2 Ne7 9. h3 Bh5 10. g4 Bg6 11. Qe2 Nc6 12. Nf1 Qe6 13. Be3 f6 14. Ng3 O-O-O
15. Nf5 Be8 16. a3 h5 17. Kg2 g6 18. Ng3 hxg4 19. hxg4 Qxg4 20. Rh1 Rxh1 21.
Rxh1 Qe6 22. Rh8 Be7 23. Bd2 Bd7 24. Rxd8+ Bxd8 25. Ng1 Qa2 26. Bc3 b5 27. Nf3
Be7 28. Qd2 b4 29. axb4 cxb4 0-1

[Event "AUTO-OPEN-4617"]
[Site "http://www.queenalice.com/game.php?id=1863736"]
[Date "2025.10.2"]
[Round "1"]
[White "gizmokaka"]
[Black "chessman"]
[Result "1-0"]
[WhiteElo "2792"]
[BlackElo "2033"]

1. e4 e6 2. d4 d5 3. Nc3 dxe4 4. Nxe4 Nd7 5. Bd3 Ngf6 6. Nf3 Nxe4 7. Bxe4 Nf6 8.
Bg5 Be7 9. Bxf6 Bxf6 10. Qd3 h6 11. O-O-O O-O 12. h4 Rb8 13. g4 a6 14. g5 hxg5
15. Bh7+ Kh8 16. hxg5 Bxg5+ 17. Nxg5 Qxg5+ 18. Kb1 1-0

[Event "Challenge"]
[Site "http://www.queenalice.com/game.php?id=1864323"]
[Date "2025.10.15"]
[Round "-"]
[White "gizmokaka"]
[Black "alterego"]
[Result "1-0"]
[WhiteElo "2804"]
[BlackElo "1624"]

1. e4 g6 2. d4 Bg7 3. Nf3 a6 4. Bc4 e6 5. Bb3 b5 6. O-O Nf6 7. e5 Ne4 8. Re1 Bb7
9. d5 exd5 10. Bxd5 Bxd5 11. Qxd5 Nc6 12. Qxe4 O-O 13. Bg5 f6 14. exf6 Bxf6 15.
Nc3 d6 16. Qxc6 Bxg5 17. Qd5+ Kh8 18. Nxg5 Rf5 19. Nf7+ Rxf7 20. Qxf7 Qg8 21.
Qxc7 Rf8 22. Re7 1-0

[Event "Challenge"]
[Site "http://www.queenalice.com/game.php?id=1864324"]
[Date "2025.10.15"]
[Round "-"]
[White "gizmokaka"]
[Black "bdpq"]
[Result "1-0"]
[WhiteElo "2802"]
[BlackElo "1673"]

1. d4 d5 2. c4 dxc4 3. e4 Nf6 4. e5 Nfd7 5. Bxc4 e6 6. Nf3 Bb4+ 7. Nc3 Bxc3+ 8.
bxc3 Nb6 9. Bd3 Bd7 10. Ng5 g6 11. Ne4 O-O 12. Nf6+ Kg7 13. Qd2 1-0

[Event "Challenge"]
[Site "http://www.queenalice.com/game.php?id=1864325"]
[Date "2025.10.15"]
[Round "-"]
[White "bdpq"]
[Black "gizmokaka"]
[Result "0-1"]
[WhiteElo "1671"]
[BlackElo "2812"]

1. e4 e5 2. d4 exd4 3. Qxd4 Nc6 4. Qd1 Nf6 5. Bg5 Be7 6. Nc3 Nxe4 7. Bxe7 Qxe7
8. Nxe4 Qxe4+ 9. Ne2 Qb4+ 10. c3 Qxb2 11. g3 O-O 12. Rb1 Qxa2 13. Qc1 Ne5 14.
Nd4 Re8 15. Be2 Nd3+ 16. Kf1 Nxc1 17. Rxc1 Rxe2 18. Nxe2 b6 19. Kg2 Qxe2 20.
Rhe1 Bb7+ 21. Kg1 Qf3 22. Kf1 Qg2+ 23. Ke2 Re8+ 24. Kd3 Qf3+ 25. Re3 Rxe3+ 26.
fxe3 Be4+ 27. Kc4 Qxe3 28. Ra1 Qd3+ 29. Kb3 Qb5+ 30. Ka2 Bd5+ 31. Ka3 Qb3# 0-1

[Event "AUTO-ELITE-2596"]
[Site "http://www.queenalice.com/game.php?id=1864626"]
[Date "2025.10.21"]
[Round "1"]
[White "JailtonMaster"]
[Black "gizmokaka"]
[Result "0-1"]
[WhiteElo "2208"]
[BlackElo "2808"]

1. d4 d5 2. c4 dxc4 3. Nf3 Nf6 4. Nc3 a6 5. e4 b5 6. Bg5 Bb7 7. e5 Nd5 8. e6 f6
9. Bh4 Qd6 10. Qe2 Nf4 11. Bg3 Nxe2 12. Bxd6 Nxc3 13. Bxc7 Nd5 14. Ba5 Nc6 0-1

[Event "AUTO-ELITE-2596"]
[Site "http://www.queenalice.com/game.php?id=1864627"]
[Date "2025.10.21"]
[Round "1"]
[White "gizmokaka"]
[Black "JailtonMaster"]
[Result "1-0"]
[WhiteElo "2809"]
[BlackElo "2187"]

1. c4 Nf6 2. d4 d5 3. cxd5 Nxd5 4. Nf3 e6 5. e4 Nf6 6. Nc3 c6 7. Bd3 Be7 8. O-O
O-O 9. Qc2 h6 10. e5 Nd5 11. Qe2 Nxc3 12. bxc3 h5 13. Qe4 g6 14. Qe3 Re8 15.
Bxg6 fxg6 16. Qh6 Rf8 17. Qxg6+ 1-0

[Event "AUTO-OPEN-4621"]
[Site "http://www.queenalice.com/game.php?id=1864803"]
[Date "2025.10.28"]
[Round "1"]
[White "josebaron"]
[Black "gizmokaka"]
[Result "0-1"]
[WhiteElo "2165"]
[BlackElo "2816"]

1. e4 b6 2. Nf3 Bb7 3. d3 d6 4. Be2 Nf6 5. Nc3 e6 6. Bg5 Be7 7. O-O c5 8. a4 h6
9. Bh4 Nc6 10. h3 O-O 11. Re1 d5 12. exd5 Nxd5 13. Nxd5 Bxh4 14. Nxh4 Qxd5 15.
Nf3 Nd4 16. c3 Nc6 17. c4 Qf5 18. Nh2 Rad8 19. Ra3 Nb4 20. a5 e5 21. Qb1 Rfe8
22. Nf1 Qg5 23. Ng3 f5 0-1

[Event "AUTO-OPEN-4621"]
[Site "http://www.queenalice.com/game.php?id=1864804"]
[Date "2025.10.28"]
[Round "1"]
[White "gizmokaka"]
[Black "josebaron"]
[Result "1-0"]
[WhiteElo "2815"]
[BlackElo "2168"]

1. e4 e5 2. Bc4 Nf6 3. d3 Bc5 4. Nc3 O-O 5. Nf3 d6 6. Na4 Bb6 7. a3 c6 8. Nxb6
Qxb6 9. O-O Bg4 10. h3 Bxf3 11. Qxf3 Nbd7 12. Ba2 a5 13. Rb1 a4 14. Qg3 Nh5 15.
Qh4 g6 16. Qe7 Qc7 17. Bh6 Rfe8 18. Bxf7+ 1-0

[Event "AUTO-OPEN-4621"]
[Site "http://www.queenalice.com/game.php?id=1864837"]
[Date "2025.10.28"]
[Round "1"]
[White "Capixaba789"]
[Black "gizmokaka"]
[Result "0-1"]
[WhiteElo "1904"]
[BlackElo "2814"]

1. d4 d5 2. Nc3 Nf6 3. f4 c5 4. Nf3 cxd4 5. Nxd4 g6 6. e3 Bg7 7. Bd3 Nc6 8. O-O
O-O 9. Qf3 e5 10. fxe5 Nxe5 11. Qf2 Nfg4 12. Qe1 Nxd3 13. cxd3 Re8 14. Bd2 Bxd4
0-1

[Event "AUTO-OPEN-4621"]
[Site "http://www.queenalice.com/game.php?id=1864838"]
[Date "2025.10.28"]
[Round "1"]
[White "gizmokaka"]
[Black "Capixaba789"]
[Result "1-0"]
[WhiteElo "2813"]
[BlackElo "1872"]

1. c4 d5 2. cxd5 Qxd5 3. Nc3 Qd8 4. Nf3 e6 5. d4 Nf6 6. e4 Be7 7. Bb5+ c6 8. Bd3
Nbd7 9. Qc2 Nf8 10. a3 Ng6 11. h4 h5 12. e5 Nd5 13. Bxg6 fxg6 14. Qxg6+ 1-0

[Event "Challenge"]
[Site "http://www.queenalice.com/game.php?id=1864970"]
[Date "2025.10.31"]
[Round "-"]
[White "gizmokaka"]
[Black "amadeo"]
[Result "1-0"]
[WhiteElo "2820"]
[BlackElo "1486"]

1. d4 d5 2. Bf4 Bf5 3. c4 b6 4. cxd5 Nf6 5. Nd2 Nxd5 6. Be5 f6 7. e4 Bxe4 8.
Nxe4 fxe5 9. Qh5+ g6 10. Qxe5 Rg8 11. Bc4 Nc6 12. Qxd5 Qxd5 13. Bxd5 Nxd4 14.
O-O-O Bh6+ 15. Kb1 Rf8 16. Bxa8 c5 17. Nf3 Nxf3 18. Bc6+ Kf7 19. gxf3 Kg7 20.
Rd7 Rf7 21. Rhd1 Bf4 22. Bd5 e6 23. Bxe6 1-0

[Event "Challenge"]
[Site "http://www.queenalice.com/game.php?id=1864972"]
[Date "2025.10.31"]
[Round "-"]
[White "gizmokaka"]
[Black "iliov2008"]
[Result "1-0"]
[WhiteElo "2819"]
[BlackElo "1503"]

1. Nf3 Nf6 2. c4 c5 3. Nc3 Nc6 4. g3 d6 5. Bg2 Bg4 6. h3 Bxf3 7. Bxf3 h5 8. e3
a5 9. O-O g6 10. d4 cxd4 11. exd4 h4 12. g4 e5 13. Bxc6+ bxc6 14. dxe5 dxe5 15.
Qf3 Bb4 16. Bg5 Be7 17. Bxf6 Bxf6 18. Qxc6+ Kf8 19. Rad1 Qc8 20. Qxf6 Rh7 21.
Qd6+ Ke8 22. Rfe1 f6 23. Qxf6 Qc7 24. Nb5 Qe7 25. Nd6+ Kd8 26. Nf5+ Kc7 27. Nxe7
Re8 28. Qc6+ Kb8 29. Rd7 Rhxe7 30. Qb7# 1-0